000 00856cam a2200265 a 4500
001 000019644
005 20200929170104.0
008 871005s1993 sp 001 f spa d
020 _a8423973204
040 _aDO-SdBNP
_bspa
_cLC
_dBNPHU
082 _a863.64
_bA454j
100 1 _aAlonso, Eduardo,
_d1944-
_942093
245 1 4 _aLos jardines de Aranjuez /
_cEduardo Alonso ; prólogo de Germán Gullón.
260 _aEspaña :
_bEspasa-Calpe,
_c1993.
300 _a224 p. ;
_c18 cm.
490 1 _aAustral. Literatura/contemporáneos
_v320
500 _aIncluye índice de autores.
650 4 _aNovela española
_91123
650 4 _aLiteratura española
_9632
700 1 _aGullón, Germán,
_epról.
_942094
830 0 _aAustral.
_pLiteratura/contemporáneos;
_v320
_920217
910 _aCatalogación derivada / LC
910 _aWM
049 _aBNGR
999 _c19160
_d19160